[Event "SCG-chT"]
[Site "Petrovac"]
[Date "2004.05.16"]
[Round "1.3"]
[White "Perunovic, Miodrag"]
[Black "Atanaskovic, Predrag"]
[Result "1-0"]
[WhiteElo "2344"]
[BlackElo "2206"]
[PlyCount "63"]
[EventDate "2004.05.16"]
[EventType "team"]
[EventRounds "7"]
[EventCountry "YUG"]
[SourceTitle "CBM 100 Extra"]
[Source "ChessBase"]
[SourceDate "2004.07.06"]
[SourceVersion "2"]
[SourceVersionDate "2004.07.06"]
[SourceQuality "1"]
[WhiteTeam "08"]
[BlackTeam "18"]
[WhiteTeamCountry "YUG"]
[BlackTeamCountry "YUG"]

1. e4 c6 2. d4 d5 3. Nd2 dxe4 4. Nxe4 Bf5 5. Ng3 Bg6 6. Bc4 Nd7 7. N1e2 e5 8. 0-0 Be7 9. f4 Nb6 10. Bb3 exf4 11. Nxf4 Nf6 12. Nxg6 hxg6 13. Qd3 Qd7 14. a4 Rd8 15. a5 Nbd5 16. c3 Qg4 17. h3 Qh4 18. Bd2 Kf8 19. a6 b6 20. Rae1 Bd6 21. Ne4 Nxe4 22. Rxe4 Qg3 23. Qxg3 Bxg3 24. Rg4 Bh4 25. Rxh4 Rxh4 26. Bg5 Re4 27. Bxd8 f6 28. Bxd5 cxd5 29. Bc7 Re2 30. Rf2 Re1+ 31. Kh2 Ra1 32. Bd6+ 1-0

[Event "Serbia-ch"]
[Site "Leskovac"]
[Date "2002.02.15"]
[Round "1"]
[White "Atanaskovic, Predrag"]
[Black "Lajthajm, Borko"]
[Result "0-1"]
[WhiteElo "2204"]
[BlackElo "2422"]
[PlyCount "50"]
[EventDate "2002.02.15"]
[EventType "swiss"]
[EventRounds "9"]
[EventCountry "YUG"]
[SourceTitle "CBM 086 Extra"]
[Source "ChessBase"]
[SourceDate "2002.03.14"]
[SourceVersion "1"]
[SourceVersionDate "2002.03.14"]
[SourceQuality "1"]

1. d4 d5 2. Nf3 Nf6 3. e3 Nbd7 4. Bd3 e6 5. Ne5 c5 6. c3 Nxe5 7. dxe5 Nd7 8. f4 c4 9. Bc2 Qh4+ 10. g3 Qh3 11. Nd2 f6 12. exf6 gxf6 13. Nf3 b6 14. Qe2 Bb7 15. e4 0-0-0 16. Ng1 Qh6 17. f5 Qg7 18. fxe6 Nc5 19. exd5 Nd3+ 20. Bxd3 cxd3 21. Qf2 Rxd5 22. Bf4 Bc5 23. Qf1 Qg4 24. h3 d2+ 25. Bxd2 Qxg3+ 0-1